00630nam a2200181Ia 4500001001000000003000500010008004100015010001100056040000900067100001800076245014600094260006400240300001000304440004800314650004300362700002300405700002000428Para_4663CHAP220125s1937 xx 000 0 und d a203104 cCHAP aMiller, E. J. aWax emulsions for spraying nursery stock and other plant materials (a preliminary report) /c E. J. Miller, J. A. Neilson, Selma L. Bandemer aEast Lansing, Michigan :b Agricultural Experiment Station a39 p. a(Michigan. Agr. Exp. Sta. special Bull; 282 aSemillas forestales Aspersión Cera aBandemer, Selma L. aNeilson, J. A.